| 000 | 00601nam a2200217Ia 4500 | ||
|---|---|---|---|
| 003 | 20180301135616.0 | ||
| 005 | 20180301135657.0 | ||
| 008 | 180207s9999 xx 000 0 und d | ||
| 020 | _a9780394829128 | ||
| 050 | _bL629 1974 | ||
| 100 | _aLeSieg, Theo. | ||
| 245 | _aWacky Wednesday / | ||
| 245 | _cTheo LeSieg ; illustrated by George Booth. | ||
| 260 | _aNew York : | ||
| 260 | _bBeginner Books, | ||
| 260 | _c1974 | ||
| 300 | _aunpaged : | ||
| 300 | _bcolor illustration ; | ||
| 440 | _aDr. Seuss. | ||
| 942 |
_2ddc _cBK _hER L629 1974 _iER L629 1974 |
||
| 999 |
_c355210 _d355210 |
||